LEADER 00895nam0-22002771i-450- 001 990006294440403321 005 19980601 035 $a000629444 035 $aFED01000629444 035 $a(Aleph)000629444FED01 035 $a000629444 100 $a19980601d1944----km-y0itay50------ba 105 $a--------00-yy 200 1 $aLimiti e scelta nella ricostruzione economica$eprolusione al corso di Politica Economica presso la R. Universita' di Napoli, letta il 10 maggio 1944$fEpicarmo Corbino. 210 $aNapoli$cEdit. Pasq. Pironti$d1944 215 $a30 p.$d20 cm 676 $a330 700 1$aCorbino,$bEpicarmo$f<1890-1984>$068068 801 0$aIT$bUNINA$gRICA$2UNIMARC 901 $aBK 912 $a990006294440403321 952 $aBUSTA 20 (16) 5$b33081$fFGBC 959 $aFGBC 996 $aLimiti e scelta nella ricostruzione economica$9642064 997 $aUNINA DB $aGIU01